[Event "Muensterland Regionalliga playoff 1-4"]
[Site "Germany"]
[Date "2023.03.18"]
[Round "1.4"]
[White "Kipp, Lucas"]
[Black "Teloeken, Andreas"]
[Result "1/2-1/2"]
[WhiteElo "1962"]
[BlackElo "2067"]
[PlyCount "37"]
[EventDate "2022.03.18"]
[EventType "team-k.o."]
[EventRounds "2"]
[EventCountry "GER"]
[SourceTitle "EXT 2024"]
[Source "ChessBase"]
[SourceDate "2023.10.10"]
[SourceVersion "1"]
[SourceVersionDate "2023.10.10"]
[SourceQuality "1"]
[WhiteTeam "Saerbeck"]
[BlackTeam "Suedlohn"]
[WhiteTeamCountry "GER"]
[BlackTeamCountry "GER"]

1. e4 c6 2. d4 d5 3. exd5 cxd5 4. c4 Nf6 5. Nc3 e6 6. Nf3 Bb4 7. cxd5 Nxd5 8. Bd2 Nc6 9. a3 Ba5 10. Bb5 Nde7 11. 0-0 0-0 12. Qe2 Nf5 13. Bxc6 bxc6 14. Qe4 Bxc3 15. Bxc3 Qd5 16. Qxd5 cxd5 17. Bb4 Rd8 18. Rfc1 a5 19. Bc5 1/2-1/2

[Event "NRW Class2 1819"]
[Site "Germany"]
[Date "2019.05.12"]
[Round "9.6"]
[White "Teloeken, Andreas"]
[Black "Mueller, Frank3333"]
[Result "0-1"]
[WhiteElo "2102"]
[BlackElo "2084"]
[PlyCount "62"]
[EventDate "2018.09.16"]
[EventType "team-tourn"]
[EventRounds "9"]
[EventCountry "GER"]
[SourceTitle "EXT 2023"]
[Source "ChessBase"]
[SourceDate "2022.10.05"]
[SourceVersion "1"]
[SourceVersionDate "2022.10.05"]
[SourceQuality "1"]
[WhiteTeam "Suedlohn"]
[BlackTeam "Sodingen/Castrop SK"]
[WhiteTeamCountry "GER"]
[BlackTeamCountry "GER"]

1. Nf3 Nf6 2. c4 g6 3. g3 Bg7 4. Bg2 0-0 5. 0-0 d5 6. cxd5 Nxd5 7. Nc3 Nb6 8. d3 Nc6 9. Be3 e5 10. Rc1 Nd4 11. Qd2 Re8 12. Ng5 Nf5 13. Bc5 Bh6 14. f4 Nd7 15. Bf2 Nf6 16. h3 exf4 17. gxf4 c6 18. e4 Nd4 19. Bh4 Nh5 20. Nxf7 Qxh4 21. Nxh6+ Kg7 22. f5 Nf6 23. Ng4 gxf5 24. Nxf6 Qxf6 25. Rf4 Kh8 26. Qf2 c5 27. exf5 Bxf5 28. Ne4 Qh6 29. Ng3 Ne6 30. Rcc4 Nxf4 31. Nxf5 Nxh3+ 0-1

[Event "NRW Class2 1819"]
[Site "Germany"]
[Date "2019.03.17"]
[Round "7.6"]
[White "Teloeken, Andreas"]
[Black "Asani, Baskim"]
[Result "1/2-1/2"]
[WhiteElo "2013"]
[BlackElo "1901"]
[PlyCount "90"]
[EventDate "2018.09.16"]
[EventType "team-tourn"]
[EventRounds "9"]
[EventCountry "GER"]
[SourceTitle "EXT 2022"]
[Source "ChessBase"]
[SourceDate "2021.10.06"]
[SourceVersion "1"]
[SourceVersionDate "2021.10.06"]
[SourceQuality "1"]
[WhiteTeam "Suedlohn"]
[BlackTeam "Guetersloh"]
[WhiteTeamCountry "GER"]
[BlackTeamCountry "GER"]

1. Nf3 f5 2. c4 d6 3. d4 e6 4. Nc3 Nf6 5. g3 Ne4 6. Qc2 Nxc3 7. Qxc3 Be7 8. Bg2 0-0 9. 0-0 a5 10. Ne1 Nc6 11. Nc2 Bf6 12. e4 e5 13. d5 Ne7 14. f3 f4 15. c5 Bd7 16. Na3 g5 17. cxd6 cxd6 18. Bd2 b5 19. Qd3 Rc8 20. Rac1 Qb6+ 21. Kh1 b4 22. Nc4 Qa6 23. Rfd1 Bb5 24. b3 Rc7 25. Bf1 Rfc8 26. Qe2 Kg7 27. Qg2 fxg3 28. hxg3 Ng6 29. Qh3 h5 30. Nxd6 Qxd6 31. Bxb5 Rxc1 32. Rxc1 g4 33. fxg4 Rxc1+ 34. Bxc1 Qc5 35. Bc4 Qd4 36. gxh5 Qxe4+ 37. Qg2 Qe1+ 38. Qg1 Qe4+ 39. Kh2 Qc2+ 40. Kh3 Qf5+ 41. Kg2 Qxh5 42. Qa7+ Kh8 43. d6 Nh4+ 44. gxh4 Qg4+ 45. Kf1 Qd1+ 1/2-1/2

[Event "NRW Class2 1718"]
[Site "Germany"]
[Date "2017.11.19"]
[Round "3.6"]
[White "Tkachuk, Sergij"]
[Black "Teloeken, Andreas"]
[Result "1/2-1/2"]
[WhiteElo "2110"]
[BlackElo "2004"]
[PlyCount "85"]
[EventDate "2017.09.17"]
[EventType "team-tourn"]
[EventRounds "9"]
[EventCountry "GER"]
[SourceTitle "EXT 2019"]
[Source "ChessBase"]
[SourceDate "2018.10.10"]
[SourceVersion "1"]
[SourceVersionDate "2018.10.10"]
[SourceQuality "1"]
[WhiteTeam "Bochum SG II"]
[BlackTeam "Suedlohn"]
[WhiteTeamCountry "GER"]
[BlackTeamCountry "GER"]

1. e4 c6 2. d4 d5 3. e5 c5 4. dxc5 e6 5. Be3 Nh6 6. f4 Nf5 7. Bf2 Nd7 8. Bd3 Bxc5 9. Bxc5 Nxc5 10. Bxf5 exf5 11. Nf3 0-0 12. Nc3 Be6 13. Qd4 Ne4 14. 0-0-0 Qa5 15. a3 Rfd8 16. Qe3 Nxc3 17. Qxc3 Qxc3 18. bxc3 Rac8 19. Kb2 Rc6 20. Nd4 Rc4 21. Rd3 Rdc8 22. h3 a5 23. g4 fxg4 24. f5 Rxd4 25. Rxd4 Bxf5 26. hxg4 Be4 27. Re1 Kf8 28. c4 Rc5 29. cxd5 Bxd5 30. g5 Be6 31. Rd8+ Ke7 32. Rb8 Rb5+ 33. Kc1 Bf5 34. Re2 Ke6 35. Re8+ Kd7 36. Rg8 Ke6 37. Rxg7 Bg6 38. Rg8 Kf5 39. Rc8 Kxg5 40. a4 Rb4 41. e6 fxe6 42. Rxe6 Rxa4 43. Rc7 1/2-1/2

[Event "Muensterland Regionalliga 1617"]
[Site "Germany"]
[Date "2016.12.03"]
[Round "4.6"]
[White "Althoff, Franz"]
[Black "Teloeken, Andreas"]
[Result "0-1"]
[WhiteElo "2011"]
[BlackElo "1980"]
[PlyCount "56"]
[EventDate "2016.09.17"]
[EventType "team"]
[EventRounds "9"]
[EventCountry "GER"]
[SourceTitle "EXT 2018"]
[Source "ChessBase"]
[SourceDate "2017.10.13"]
[SourceVersion "1"]
[SourceVersionDate "2017.10.13"]
[SourceQuality "1"]
[WhiteTeam "Nienberge"]
[BlackTeam "Suedlohn"]
[WhiteTeamCountry "GER"]
[BlackTeamCountry "GER"]

1. Nf3 d5 2. d4 e6 3. c4 Nf6 4. e3 c6 5. Nc3 Nbd7 6. Qc2 Bd6 7. a3 0-0 8. e4 dxe4 9. Ng5 e5 10. Ngxe4 exd4 11. Nxd6 Qe7+ 12. Ne2 Qxd6 13. Bf4 Qe6 14. 0-0-0 c5 15. Ng3 Re8 16. Bd3 Nf8 17. h4 Ng4 18. Ne4 Ne5 19. Nxc5 Nxd3+ 20. Qxd3 Qc6 21. Qxd4 b6 22. Nd3 Re4 23. Qd6 Qxc4+ 24. Kb1 Be6 25. Rc1 Qa2+ 26. Kc2 Bf5 27. Be5 Ne6 28. Nb4 Rxb4+ 0-1

[Event "Muensterland Verbandsliga 1213"]
[Site "Germany"]
[Date "2012.11.24"]
[Round "3.7"]
[White "Teloeken, Andreas"]
[Black "Bruemmer, Andreas"]
[Result "1-0"]
[WhiteElo "1947"]
[BlackElo "1900"]
[PlyCount "47"]
[EventDate "2012.09.22"]
[EventType "team-tourn"]
[EventRounds "9"]
[EventCountry "GER"]
[SourceTitle "EXT 2015"]
[Source "ChessBase"]
[SourceDate "2014.11.20"]
[SourceVersion "1"]
[SourceVersionDate "2014.11.20"]
[SourceQuality "1"]
[WhiteTeam "Suedlohn"]
[BlackTeam "Rheine Klein Berlin"]
[WhiteTeamCountry "GER"]
[BlackTeamCountry "GER"]

1. e4 d6 2. d4 Nf6 3. Nc3 e5 4. Be3 exd4 5. Qxd4 Be7 6. f3 0-0 7. Nge2 Nc6 8. Qd2 Ne5 9. b3 c6 10. 0-0-0 b5 11. Nd4 d5 12. exd5 Nxd5 13. Ndxb5 Be6 14. Nxd5 Bxd5 15. Nd4 Ba3+ 16. Kb1 a5 17. Ne2 Rb8 18. Nc1 a4 19. Bd4 Qc7 20. Bb2 Bxb2 21. Kxb2 axb3 22. cxb3 Nxf3 23. Qc3 Ne5 24. Rxd5 1-0

[Event "Muensterland Verbandsliga 1112"]
[Site "Germany"]
[Date "2012.01.28"]
[Round "6.4"]
[White "Teloeken, Andreas"]
[Black "Hunhoff, Andreas"]
[Result "0-1"]
[WhiteElo "2005"]
[BlackElo "1759"]
[PlyCount "64"]
[EventDate "2011.09.24"]
[EventType "team-tourn"]
[EventRounds "9"]
[EventCountry "GER"]
[SourceTitle "EXT 2013"]
[Source "ChessBase"]
[SourceDate "2012.11.22"]
[SourceVersion "1"]
[SourceVersionDate "2012.11.22"]
[SourceQuality "1"]
[WhiteTeam "Suedlohn"]
[BlackTeam "Bocholt"]
[WhiteTeamCountry "GER"]
[BlackTeamCountry "GER"]

1. e4 c5 2. c3 Nc6 3. d4 cxd4 4. cxd4 d5 5. exd5 Qxd5 6. Nf3 e6 7. Nc3 Bb4 8. Be2 Nge7 9. 0-0 Qd8 10. Be3 0-0 11. Bd3 Ng6 12. Rc1 Nce7 13. Ne5 Bd7 14. Qh5 f5 15. Bg5 Nxe5 16. dxe5 Qa5 17. Rfe1 Rac8 18. Re3 Be8 19. Qd1 Ng6 20. Qb3 Bf7 21. Bc4 Rfe8 22. Nb5 Bd2 23. Rec3 h6 24. Nd6 Bxc3 25. Nxc8 Bxe5 26. Ne7+ Kh7 27. Bxe6 Qc7 28. Rc3 Bxc3 29. Bxf7 Rxe7 30. Bxg6+ Kxg6 31. Bxe7 Bf6 32. Qg3+ Qxg3 0-1

[Event "Muensterland Verbandsliga 1011"]
[Site "Germany"]
[Date "2011.01.15"]
[Round "5.2"]
[White "Kipp, Lucas"]
[Black "Teloeken, Andreas"]
[Result "1-0"]
[WhiteElo "1963"]
[BlackElo "2023"]
[PlyCount "59"]
[EventDate "2010.09.25"]
[EventType "team-tourn"]
[EventRounds "9"]
[EventCountry "GER"]
[SourceTitle "EXT 2012"]
[Source "ChessBase"]
[SourceDate "2011.11.24"]
[SourceVersion "1"]
[SourceVersionDate "2011.11.24"]
[SourceQuality "1"]
[WhiteTeam "Saerbeck"]
[BlackTeam "Suedlohn"]
[WhiteTeamCountry "GER"]
[BlackTeamCountry "GER"]

1. e4 d6 2. d4 Nf6 3. Nc3 g6 4. Be3 c6 5. Qd2 b5 6. f3 Nbd7 7. Bd3 Nb6 8. b3 e5 9. Nge2 b4 10. Nd1 a5 11. 0-0 Qc7 12. Nf2 Bg7 13. a3 Rb8 14. axb4 axb4 15. dxe5 dxe5 16. Bc5 Be6 17. Qxb4 Bf8 18. Bxf8 Rxf8 19. Ra6 Bc8 20. Ra2 Nfd7 21. Qc3 Qd6 22. Ra5 Ke7 23. Rd1 Qe6 24. Ng4 f6 25. Ne3 f5 26. Bc4 Qf6 27. exf5 gxf5 28. Ng3 Nxc4 29. Ngxf5+ Ke8 30. Nxc4 1-0

[Event "Muensterland Verbandsliga 1011"]
[Site "Germany"]
[Date "2010.10.30"]
[Round "2.2"]
[White "Teloeken, Andreas"]
[Black "Ringwelski, Marius"]
[Result "1-0"]
[WhiteElo "2023"]
[BlackElo "2030"]
[PlyCount "69"]
[EventDate "2010.09.25"]
[EventType "team-tourn"]
[EventRounds "9"]
[EventCountry "GER"]
[SourceTitle "EXT 2012"]
[Source "ChessBase"]
[SourceDate "2011.11.24"]
[SourceVersion "1"]
[SourceVersionDate "2011.11.24"]
[SourceQuality "1"]
[WhiteTeam "Suedlohn"]
[BlackTeam "Sendenhorst"]
[WhiteTeamCountry "GER"]
[BlackTeamCountry "GER"]

1. e4 e5 2. Nf3 Nc6 3. d4 exd4 4. Nxd4 Bb4+ 5. c3 Bc5 6. Be3 Bb6 7. Bc4 Nf6 8. Nxc6 bxc6 9. Bxb6 axb6 10. e5 Nd5 11. Nd2 0-0 12. 0-0 Qe7 13. Nf3 Bb7 14. Qd2 Kh8 15. Bb3 f6 16. c4 Nb4 17. exf6 Rxf6 18. Rae1 Qf8 19. Ne5 c5 20. Qxd7 Rc8 21. Qh3 Rh6 22. Qg3 Nc6 23. Bc2 Nd4 24. Be4 Bxe4 25. Rxe4 Rd8 26. Qg5 Nc6 27. Qg4 Nd4 28. Rfe1 Nc2 29. Qg5 Rf6 30. Rf1 Nd4 31. f4 Nc6 32. Qg4 Nd4 33. Nd7 Rxd7 34. Qxd7 Rxf4 35. Rfxf4 1-0

[Event "Muensterland Verbandsliga 0910"]
[Site "Germany"]
[Date "2010.02.06"]
[Round "6.2"]
[White "Klein, Bjoern"]
[Black "Teloeken, Andreas"]
[Result "0-1"]
[WhiteElo "1970"]
[BlackElo "2000"]
[PlyCount "52"]
[EventDate "2009.09.26"]
[EventType "team-tourn"]
[EventRounds "9"]
[EventCountry "GER"]
[SourceTitle "EXT 2011"]
[Source "ChessBase"]
[SourceDate "2010.11.26"]
[SourceVersion "1"]
[SourceVersionDate "2010.11.26"]
[SourceQuality "1"]
[WhiteTeam "Steinfurt"]
[BlackTeam "Suedlohn"]
[WhiteTeamCountry "GER"]
[BlackTeamCountry "GER"]

1. d4 d5 2. c4 c6 3. cxd5 cxd5 4. Nc3 Nf6 5. Nf3 Nc6 6. Bf4 a6 7. e3 Bf5 8. Bd3 Bxd3 9. Qxd3 e6 10. 0-0 Be7 11. a3 Rc8 12. Rac1 0-0 13. Ne5 Nxe5 14. Bxe5 Nd7 15. Bg3 Qa5 16. Qb1 Nb6 17. Rc2 Nc4 18. Rfc1 Rc6 19. e4 Rd8 20. exd5 exd5 21. Re2 Bf6 22. Rce1 g6 23. Re8+ Rxe8 24. Rxe8+ Kg7 25. b4 Qxa3 26. Nxd5 Nd2 0-1

[Event "Muensterland Verbandsliga 0809"]
[Site "Germany"]
[Date "2009.04.25"]
[Round "9.2"]
[White "Kipp, Lucas"]
[Black "Teloeken, Andreas"]
[Result "1-0"]
[WhiteElo "2007"]
[BlackElo "2115"]
[PlyCount "47"]
[EventDate "2008.09.20"]
[EventType "team-tourn"]
[EventRounds "9"]
[EventCountry "GER"]
[SourceTitle "EXT 2010"]
[Source "ChessBase"]
[SourceDate "2010.11.25"]
[SourceVersion "1"]
[SourceVersionDate "2010.11.25"]
[SourceQuality "1"]
[WhiteTeam "Saerbeck"]
[BlackTeam "Suedlohn"]
[WhiteTeamCountry "GER"]
[BlackTeamCountry "GER"]

1. d4 Nf6 2. Nf3 c6 3. c4 d6 4. Nc3 Nbd7 5. e4 e5 6. Be2 Be7 7. 0-0 0-0 8. Qc2 a6 9. a4 a5 10. Bg5 exd4 11. Nxd4 Nc5 12. Nf5 Bxf5 13. exf5 Re8 14. Rad1 Qb6 15. Bxf6 Bxf6 16. Rxd6 Qb4 17. Rfd1 Bxc3 18. bxc3 Qxa4 19. Qc1 f6 20. Bh5 Rf8 21. Qe3 Qxc4 22. R6d4 Qb5 23. Qe7 Kh8 24. Rd8 1-0

[Event "Muensterland Verbandsliga 0708"]
[Site "Germany"]
[Date "2008.04.26"]
[Round "9.3"]
[White "Hiller, Simon"]
[Black "Teloeken, Andreas"]
[Result "1/2-1/2"]
[WhiteElo "1983"]
[BlackElo "2115"]
[PlyCount "54"]
[EventDate "2007.09.08"]
[EventType "team"]
[EventRounds "9"]
[EventCountry "GER"]
[SourceTitle "EXT 2009"]
[Source "ChessBase"]
[SourceDate "2008.11.26"]
[SourceVersion "1"]
[SourceVersionDate "2008.11.26"]
[SourceQuality "1"]
[WhiteTeam "Saerbeck"]
[BlackTeam "Suedlohn"]
[WhiteTeamCountry "GER"]
[BlackTeamCountry "GER"]

1. d4 d5 2. Nf3 e6 3. g3 Nf6 4. Bg2 c6 5. 0-0 Be7 6. b3 0-0 7. Nbd2 b6 8. Ne5 Bb7 9. Bb2 Nbd7 10. c4 Rc8 11. e4 dxe4 12. Nxe4 Nxe4 13. Bxe4 Nf6 14. Bg2 Rc7 15. Qe2 Bd6 16. Rad1 Qe7 17. Rd3 Ba3 18. Rfd1 Bxb2 19. Qxb2 Rd8 20. b4 Ne8 21. b5 Nd6 22. Bxc6 f6 23. c5 fxe5 24. cxd6 Qxd6 25. dxe5 Qxd3 26. Rxd3 Rxd3 27. Bxb7 Rxb7 1/2-1/2

[Event "Muensterland Verbandsliga 0708"]
[Site "Germany"]
[Date "2007.12.08"]
[Round "4.3"]
[White "Teloeken, Andreas"]
[Black "Liesmann, Karsten"]
[Result "1-0"]
[WhiteElo "2115"]
[BlackElo "1994"]
[PlyCount "139"]
[EventDate "2007.09.08"]
[EventType "team"]
[EventRounds "9"]
[EventCountry "GER"]
[SourceTitle "EXT 2009"]
[Source "ChessBase"]
[SourceDate "2008.11.26"]
[SourceVersion "1"]
[SourceVersionDate "2008.11.26"]
[SourceQuality "1"]
[WhiteTeam "Suedlohn"]
[BlackTeam "Bocholt"]
[WhiteTeamCountry "GER"]
[BlackTeamCountry "GER"]

1. e4 e6 2. d4 d5 3. e5 c5 4. c3 Nc6 5. Nf3 Bd7 6. dxc5 Bxc5 7. b4 Bb6 8. b5 Na5 9. a4 Qc7 10. Bd3 Nc4 11. Qe2 Rc8 12. 0-0 Ne7 13. Nbd2 Nxd2 14. Bxd2 Ba5 15. Rfc1 Ng6 16. h4 Ne7 17. h5 h6 18. Nd4 0-0 19. Nb3 f6 20. Nxa5 Qxa5 21. c4 Qd8 22. exf6 Rxf6 23. Bc3 Rf7 24. Bb2 dxc4 25. Rxc4 Rxc4 26. Bxc4 Nd5 27. Ra3 Nf4 28. Qg4 Nd5 29. Rf3 Qe7 30. Rxf7 Qxf7 31. Be5 Bc8 32. Bd3 Nf6 33. Qc4 Qd7 34. Qd4 Qxd4 35. Bxd4 a6 36. Be2 axb5 37. axb5 Kf7 38. f4 Ke7 39. Be5 Kf7 40. g4 Nd7 41. Bd4 Nf6 42. g5 hxg5 43. fxg5 Ne4 44. g6+ Kg8 45. Bf3 Nd2 46. Bg2 Nc4 47. Kf2 Bd7 48. b6 Na5 49. Kg3 Nc6 50. Bc5 Be8 51. Kh4 Kh8 52. Kg5 Kg8 53. Be4 Bd7 54. Ba3 Nd8 55. h6 gxh6+ 56. Kxh6 Bc6 57. Bd3 Bd5 58. Bb2 e5 59. Bxe5 Nc6 60. Bf6 Nb4 61. Bf5 Kf8 62. Be5 Ke7 63. g7 Na6 64. Be4 Bg8 65. Bxb7 Nc5 66. Bf3 Kd7 67. b7 Nxb7 68. Bxb7 Ke6 69. Be4 Ke7 70. Bh7 1-0

[Event "Muensterland Verbandsliga 0708"]
[Site "Germany"]
[Date "2007.11.03"]
[Round "3.3"]
[White "Teloeken, Andreas"]
[Black "Kolakovic, Klaudio"]
[Result "1/2-1/2"]
[WhiteElo "2115"]
[BlackElo "2052"]
[PlyCount "58"]
[EventDate "2007.09.08"]
[EventType "team"]
[EventRounds "9"]
[EventCountry "GER"]
[SourceTitle "EXT 2009"]
[Source "ChessBase"]
[SourceDate "2008.11.26"]
[SourceVersion "1"]
[SourceVersionDate "2008.11.26"]
[SourceQuality "1"]
[WhiteTeam "Suedlohn"]
[BlackTeam "Stadtlohn"]
[WhiteTeamCountry "GER"]
[BlackTeamCountry "GER"]

1. e4 d6 2. d4 Nf6 3. Nc3 e5 4. Nf3 exd4 5. Nxd4 Nc6 6. Be2 Be7 7. 0-0 0-0 8. Re1 Re8 9. h3 Bf8 10. Bf1 h6 11. Bf4 Bd7 12. Qd2 Nxd4 13. Qxd4 Bc6 14. Nd5 Nxd5 15. exd5 Bd7 16. Bd3 g6 17. Qb4 b6 18. Rxe8 Bxe8 19. Qd2 g5 20. Be3 Bg7 21. c3 c5 22. dxc6 Bxc6 23. Bc2 Qe7 24. h4 gxh4 25. Bxh6 Qe6 26. Bxg7 Qg4 27. f3 Qxg7 28. Qf4 Re8 29. Bd3 Qg3 1/2-1/2

[Event "Muensterland Verbandsliga 0607"]
[Site "Germany"]
[Date "2006.12.16"]
[Round "4.3"]
[White "Teloeken, Andreas"]
[Black "Kolakovic, Klaudio"]
[Result "1/2-1/2"]
[WhiteElo "2115"]
[BlackElo "2043"]
[PlyCount "88"]
[EventDate "2006.09.16"]
[EventType "team"]
[EventRounds "9"]
[EventCountry "GER"]
[SourceTitle "EXT 2008"]
[Source "ChessBase"]
[SourceDate "2007.11.25"]
[SourceVersion "1"]
[SourceVersionDate "2007.11.25"]
[SourceQuality "1"]
[WhiteTeam "Suedlohn"]
[BlackTeam "Stadtlohn"]
[WhiteTeamCountry "GER"]
[BlackTeamCountry "GER"]

1. e4 d5 2. exd5 Qxd5 3. Nc3 Qd6 4. d4 Nf6 5. Nf3 a6 6. g3 b5 7. Bg2 Bb7 8. 0-0 e6 9. Re1 Be7 10. Bf4 Qb6 11. a4 c6 12. Ne5 0-0 13. a5 Qd8 14. Ne4 Nxe4 15. Bxe4 Qc8 16. Qh5 f5 17. Bg2 Nd7 18. Nd3 Bf6 19. c3 Re8 20. b4 Ra7 21. Ne5 Nxe5 22. Bxe5 Bxe5 23. Rxe5 Ba8 24. Rae1 Rf7 25. Qe2 Rfe7 26. Qe3 Kf7 27. h4 Qd7 28. Bh3 g6 29. Bg2 Qd6 30. Qf4 Qd7 31. Bf3 Kg7 32. h5 Rf7 33. Kg2 Kf6 34. hxg6 hxg6 35. Qh4+ Kg7 36. Rh1 Kf8 37. Qg5 Rg7 38. Rh6 Kf7 39. Rc5 Qd6 40. Qe3 Rc8 41. Qg5 Bb7 42. Qh4 Re8 43. Rh7 Reg8 44. Rxg7+ Kxg7 1/2-1/2